000
00209 a2200097 4500
001
6477
100
_a
Benham, P P
245
_a
Elementary Mechanics of solids
260
_a
_b
pergamon
_c
090
_c
5335
_d
5335
942
_a
NUST-CAE
_c
M
_c
31751
999
_c
241550
_d
241550